00224nam a2200085 a 450000500170000000800410001705000240005810000220008224500340010420140414131939.0110125s19uu xx 00 eng d aTR 372.7bSch2 2003 aSchecter, Deborah aMother Goose math Grades K-2.